000 01927cam a2200313 i 4500
003 SA-RiAUC
005 20251229094030.0
008 251124s2010 mk f f100 0 ara c
024 0 _a00000000982003
040 _aOM-MuSQCA
_bara
_cSA-RiAUC
_dAE-DuMBRL
_erda
050 4 _b.N33 2010
082 0 4 _a251.15
_qSA-RiAUC
090 _a251.15
_bن د و
111 2 _aندوة تطور العلوم الفقهية في عمان
_n(6 :
_d2007 :
_cمسقط)
245 1 0 _aندوة تطور العلوم الفقهية في عمان :
_bفقه النوازل وتجديد الفتوى المنعقدة خلال الفترة 13-16 ربيع الأول 1428 هـ / 1-4 إبريل 2007 م بقاعة المحاضرات بجامع السلطان قابوس /
_cوزارة الأوقاف والشؤون الدينية ؛ مراجعة وتنسيق الحاج سليمان بن إبراهيم بابزيز الوارجلاني.
246 3 4 _aبحوث ندوة فقه النوازل وتجديد الفتوى المنعقدة خلال الفترة (13-16) ربيع الأول 1428 هـ / (1-4) إبريل 2007 م
250 _aالطبعة الثانية.
264 1 _aمسقط :
_bوزارة الأوقاف والشؤون الدينية، لجنة مطبوعات الوزارة،
_c2010.
300 _a642 صفحة ؛
_c24 × 17 سم
336 _aنص
_btxt
_2rdacontent
_3كتاب
337 _aبدون وسيط
_bn
_2rdamedia
338 _aمجلد
_bnc
_2rdacarrier
650 7 _aالنوازل (أصول فقه)
_vمؤتمرات
_2aucsh
700 1 _aالوارجلاني، سليمان بن إبراهيم
_eمراجع.
710 1 _aعمان (سلطنة).
_bوزارة الأوقاف والشؤون الدينية
_eمنظم.
942 _2ddc
_cBOOK
_n0
949 _aSA-JeALM
_d251124
_umohamedma123
_n1
999 _c13788
_d13788